LEADER 01379nam a2200253 i 4500 001 000000174142 003 CaOOAMICUS 005 20081015000000.0 008 081015s1992 it u000 u mul u 013 $a151605 040 $aSeMil$bita 245 10$a"Compilatio assisiensis" dagli Scritti di fra Leone e Compagni su S. Francesco d'Assisi. Dal Ms. 1046 di Perugia /$ca cura di Marino Bigaroni ofm. 250 $a2. edizione integrale riveduta e corretta con versione italiana a fronte e varianti. 260 $aAssisi :$bPorziuncola,$c1992. 300 $aXLII, 445 p. ;$c21 cm. 490 0 $aPubblicazioni della Biblioteca fancescana. Chiesa Nuova - Assisi ;$v2 600 04$aFrancesco : d'Assisi .$0(OLS)http://semarc/subject/1416 650 4$aFrancescanesimo - Fonti.$0(OLS)http://semarc/subject/6103 700 1 $aBigaroni, Marino .$0(OLS)http://semarc/name/65029 830 0$aPubblicazioni della Biblioteca fancescana. Chiesa Nuova - Assisi ;$v2.$0(OLS)http://semarc/title/26522 850 $aSeMil 852 $aSeMil$W1$xVenegono$y1$m3G III 255$j124981$B124981$CSeMilBibl$Z2$F138139 $81 996 $6245$a"Compilatio assisiensis" dagli Scritti di fra Leone e Compagni su S. Francesco d'Assisi. Dal Ms. 1046 di Perugia$9(OLS)http://semarc/title/249588 996 $6260$aAssisi :$bPorziuncola$9(OLS)http://semarc/publisher/32078 LEADER 00848nam a2200217 i 4500 001 000000067956 003 CaOOAMICUS 005 20100614000000.0 008 100614s1962 it u000 u ita u 013 $a39128 040 $aSeMil$bita 100 1 $aSpisani, Franco.$0(OLS)http://semarc/name/33963 245 10$aNatura e spirito nell'idealismo attuale /$cFranco Spisani. 260 $aMilano :$bFabbri,$c1962. 300 $a173 p. ;$c21 cm. 650 4$aIdealismo - Filosofia.$0(OLS)http://semarc/subject/9977 650 4$aAttualismo - Filosofia.$0(OLS)http://semarc/subject/3649 850 $aSeMil 852 $aSeMil$W1$xVenegono$y1$m2O II 65$j34109$B34109$CSeMilBibl$Z2$F34112 $81 996 $6245$aNatura e spirito nell'idealismo attuale$9(OLS)http://semarc/title/108392 996 $6260$aMilano :$bFabbri$9(OLS)http://semarc/publisher/30054